000 00692nam a2200253Ia 4500
003 OSt
005 20221007081744.0
006 a|||||r|||| 00| 0
007 ta
008 221006b |||||||| |||| 00| 0 eng d
024 _a43,423
037 _cTextual
040 _aFLL
_cFLL
_beng
041 _2eng
_aeng
082 _aZ1z7, Q5
100 _aWEBLEY Lisa
245 0 _aComplete public law
_b text, cases and materials
250 _a4th
260 _aOxford
_bOxford University Press UK
_c2018
300 _axxxiii,680p.
_ccm.
700 _a SAMUELS Harriet
_9698003
942 _hZ1z7, Q5
_cTEXL
_2CC
999 _c1164161
_d1164161